| 000 | 00000nas##2200000za#4500 |
| 001 | 9.514826 |
| 003 | CaOODSP |
| 005 | 20210615082917 |
| 007 | ta |
| 008 | 150406c1999||||xxc|| m #||||f| |0eng|d |
| 040 | |aCaOODSP|beng |
| 043 | |an-cn--- |
| 086 | 1 |aNH18-22E |
| 110 | 2 |aCanada Mortgage and Housing Corporation. |
| 245 | 10|aResearch highlight. Technical series |
| 260 | |aOttawa - Ontario : |bCanada Mortgage and Housing Corporation |
| 310 | |aIrregular |
| 520 | 3 |aSummarize a wide range of housing-related studies, reports, and manuals. They examine issues as diverse as low-maintenance northern landscaping; policy options for achieving healthy indoor air quality; and various aspects of building performance, including high-rise building envelope performance, performance of various building materials, and evaluations of district heating systems. |
| 563 | |aPamphlet |
| 690 | 07|aBuildings|2gcpds |
| 690 | 07|aResearch|2gcpds |
| 775 | 08|tLe point en recherche. Série technique |w(CaOODSP)9.513179 |
| 776 | 0#|tResearch highlight. Technical series.|w(CaOODSP)9.504482 |